Septóriová škvrnitosť slnečnice

Bibliographic Details
Main Author: Bokor, Peter, 1969- (Author)
Format: Article
Language:Slovak
PhysicalDescription:Fotogr., obr.
ISSN:1335-2466
Subjects:

MARC

LEADER 00000nab a2200000 a 4500
001 vtls009344487
003 SK-MaSNL
005 20260304235721.0
008 250507c2007 xo |||||||||||000 b|slo
015 |a SNBRB2008/10  |2 snkbucl 
035 |a (uuid)a25ba6e0-09f6-4811-8053-45c6245fbf6f 
035 |a urn:nbn:sk:snk-ab13dl 
035 |a (urnnbn)urn:nbn:sk:snk:ar-a04kxr 
038 |a SNKBUCL 
040 |a SNKBUCL  |b slo  |c SNKBUCL  |e AACR2 
041 0 |a slo 
044 |a xo  |c SK 
080 |a 632.4:633.85  |2 1997 
080 |a 633.85  |2 1997 
100 1 |a Bokor, Peter,  |d 1969-  |4 aut  |9 189660 
245 1 0 |a Septóriová škvrnitosť slnečnice  |c Peter Bokor 
300 |b Fotogr., obr. 
650 0 7 |a slnečnice  |2 snkbucl  |9 27506 
650 0 7 |a hubové choroby rastlín  |2 snkbucl  |9 57801 
650 0 7 |a septóriová škvrnitosť slnečnice  |2 snkbucl  |9 1573541 
650 0 7 |a Septoria helianthi  |2 snkbucl  |9 1573542 
773 0 |t Naše pole  |g Roč. XI, č. 10 (2007), s. 50-51  |x 1335-2466 
850 |a Slovenská národná knižnica 
852 |a Slovenská národná knižnica 
954 |a odborná, vedecká literatúra pôvodná (slovenská)  |2 lita 
958 |a article27 
958 |a OND 
958 |a EUIPO 
999 |c 3210149  |d 3212079